Districts of Northern Ireland on a Map - Statistics

General Stats
  • This quiz has been taken 237 times
  • The average score is 7 of 11
Answers on the Map
Answers color-coded by a green-red scale on the quiz's map according to % correct below.
 
Answer Stats
District % Correct
Belfast City
92%
Derry City and Strabane
89%
Antrim and Newtownabbey
83%
Fermanagh and Omagh
78%
Newry, Mourne and Down
78%
Armagh City, Banbridge and Craigavon
74%
Mid Ulster
56%
Lisburn and Castlereagh
55%
Ards and North Down
50%
Causeway Coast and Glens
49%
Mid and East Antrim
36%
No matching quizzes found
Score Distribution
Percent of People with Each Score
Percentile by Number Answered
Your Score History
You have not taken this quiz